Johannes Brahms 75 songs (Record no. 16344)

MARC details
000 -LEADER
fixed length control field 00610nam a22001937a 4500
008 - FIXED-LENGTH DATA ELEMENTS--GENERAL INFORMATION
fixed length control field 170313b xxu||||| |||| 00| 0 eng d
020 ## - INTERNATIONAL STANDARD BOOK NUMBER
International Standard Book Number 0793546257
040 ## - CATALOGING SOURCE
Original cataloging agency KABU
Transcribing agency KABU
050 ## - LIBRARY OF CONGRESS CALL NUMBER
Classification number M1621.4
Item number .J64 1996 C.1
245 ## - TITLE STATEMENT
Title Johannes Brahms 75 songs
Remainder of title high voice
Statement of responsibility, etc. edited by Richard Walters, Laura Ward and Elaine Schmidt
260 ## - PUBLICATION, DISTRIBUTION, ETC. (IMPRINT)
Name of publisher, distributor, etc. Hal.leonard
Date of publication, distribution, etc. 1996
300 ## - PHYSICAL DESCRIPTION
Extent 280 p.
650 ## - SUBJECT ADDED ENTRY--TOPICAL TERM
Topical term or geographic name as entry element Songs (High voice) with piano
650 ## - SUBJECT ADDED ENTRY--TOPICAL TERM
Topical term or geographic name as entry element Songs cycles
700 ## - ADDED ENTRY--PERSONAL NAME
Personal name Walters, Richard
700 ## - ADDED ENTRY--PERSONAL NAME
Personal name Ward Laura
700 ## - ADDED ENTRY--PERSONAL NAME
Personal name Schmidt, Elaine
942 ## - ADDED ENTRY ELEMENTS (KOHA)
Source of classification or shelving scheme Library of Congress Classification
Koha item type General Collection
Classification part M1621.4 .J64 1996 C.1
Holdings
Withdrawn status Lost status Source of classification or shelving scheme Not for loan Home library Current library Shelving location Date acquired Cost, normal purchase price Total Checkouts Full call number Barcode Date last seen Copy number Price effective from Koha item type
    Library of Congress Classification   Kabarak, Main Campus Kabarak, Main Campus General Stacks 13/03/2017 3333.55   M1621.4 .J64 1996 C.1 026447 13/03/2017 C.1 13/03/2017 General Collection
Designed with assistance from East African Informatics Ltd